Vocabulario de términos metalúrgicos / (Record no. 141438)

MARC details
000 -LEADER
campo de control de longitud fija 00544nam a2200193 i 4500
001 - NÚMERO DE CONTROL
campo de control 141438
003 - IDENTIFICADOR DE NÚMERO DE CONTROL
campo de control ES-MaACL
005 - FECHA Y HORA DE LA ÚLTIMA TRANSACCIÓN
campo de control 20250728233145.0
007 - CAMPO FIJO DE DESCRIPCIÓN FÍSICA--INFORMACIÓN GENERAL
campo de control de longitud fija t|
008 - DATOS DE LONGITUD FIJA--INFORMACIÓN GENERAL
campo de control de longitud fija 070924s1947 xxk ||||1| spa d
110 2# - ENTRADA PRINCIPAL--NOMBRE DE ENTIDAD CORPORATIVA
Nombre de entidad corporativa o nombre de jurisdicción como elemento de entrada Firth-Brown.
9 (RLIN) 4131
245 10 - MENCIÓN DEL TÍTULO
Título Vocabulario de términos metalúrgicos /
Mención de responsabilidad, etc. Firth-Brown.
250 ## - MENCION DE EDICION
Mención de edición Ed. preliminar.
260 ## - PUBLICACIÓN, DISTRIBUCIÓN, ETC.
Lugar de publicación, distribución, etc. Sheffield :
Nombre del editor, distribuidor, etc. Thos Firth and John Brown Ltd,
Fecha de publicación, distribución, etc. [1947]
300 ## - DESCRIPCIÓN FÍSICA
Extensión 49 p. ;
Dimensiones 22 cm.
650 #7 - PUNTO DE ACCESO ADICIONAL DE MATERIA--TÉRMINO DE MATERIA
Término de materia o nombre geográfico como elemento de entrada Metalurgia
Fuente del encabezamiento o término embne
9 (RLIN) 136491
852 ## - LOCALIZACIÓN
Ubicación ES-MaACL
Número de control de estantería 1580-F-2
Holdings
Estatus retirado Estado de pérdida Estado de daño No para préstamo Colección Biblioteca de origen Biblioteca actual Ubicación en estantería Fecha de adquisición Fuente de adquisición Total de préstamos Signatura topográfica completa Código de barras Visto por última vez Precio de reemplazo Tipo de ítem Koha
        Colección de folletos Biblioteca del Ateneo de Madrid Biblioteca del Ateneo de Madrid Depósito folletos 17/01/2008     1580-F-2 1147171 23/02/2023 23/02/2023 Folleto